Score 0/20 Timer 03:00
3 Plays Today
Rung 4-Letter Word % Correct
4.COOK
97.8%
1.- COLD -
97.3%
3.CORK
97.1%
2.CORD
97.1%
12.LIME
95.3%
8.TOLL
94.8%
5.- COOL -
94.5%
19.FARM
93.1%
18.FARE
91.9%
7.TOIL
91.6%
Rung 4-Letter Word % Correct
11.TIME
90.7%
6.COIL
90.2%
17.FAKE
87.7%
20.- WARM -
87%
9.TILL
80%
10.TILE
78.7%
16.LAKE
76.9%
13.LITE
73.2%
15.- LUKE -
72.1%
14.LUTE
69.6%

Today's Daily Dose

Word Ladder
Silence

Get the Picture
Philly Team Facts

You're not logged in!

Compare scores with friends on all Sporcle quizzes.
OR
Log In

Sporcle TV

Today on Sporcle TV


Watch our educational content, quiz creation guides, and fun videos on Sporcle TV.

Show Comments

Extras

Top Quizzes Today


Score Distribution

Your Account Isn't Verified!

In order to create a playlist on Sporcle, you need to verify the email address you used during registration. Go to your Sporcle Settings to finish the process.

Report this User

Report this user for behavior that violates our Community Guidelines.

Details: